00915cam a22002657a 4500003000500000005001700005008004100022010000900063011000900072035000900081040000900090082002300099100003300122245007100155260004700226300001100273590004100284590004200325650002100367901000700388942001000395949007800405999001500483952015100498CHAP20220329133558.0971013s1992 r 00010 d a8127 a9099 a8333 cCHAP a632.94bH3 1992-9300aHarvey, Lori Thomson.95299712aA guide to agricultural spray adjuvants usted in the United States aFresno, Ca. :bThomson Publications,c1992 a244 p. aBATCH-UPDb10c20130110lUCH01h2312 aCONVERSIONb10c20130109lUCH01h130614aAerosoles.91017 aBK cLIBRO a632.94 H3 1992-93bBCcCd33724000120895eCgI.c/eh85462i8333sit62.71 c8127d8127 00102ddc4051708CaBCbBCcPA_CONSULTAd2019-12-31eI.c/efLIBROl0o632.94 H3 1992-93p33724000120895r2019-12-31 00:00:00w2019-12-31yLIBRO